| 000 | 00897nas a2200277 4500 | ||
|---|---|---|---|
| 001 | BR0807753 | ||
| 003 | BR-BrBNA | ||
| 005 | 20231205112726.0 | ||
| 007 | ta | ||
| 008 | 230509b bl.|||p| |||| 00| 00por d | ||
| 040 |
_aBR-BrBNA _bpor _cBiblioteca Nacional de Agricultura |
||
| 041 | _a(En) | ||
| 072 | _aF60 | ||
| 100 | 1 | _aPinheiro, H.A. | |
| 100 | 1 | _aBorges, R. | |
| 100 | 1 | _aSilva, M.A.P. | |
| 100 | 1 | _aCenteno, D.C. | |
| 245 | 1 | _aActivity of alternative oxidase and plant uncopling mitochondrial protein in potato tubers stored at low temperature or submitted to artificial aging | |
| 650 | _aBATATA | ||
| 650 | _aBIOLOGIA VEGETAL | ||
| 650 | _aRESPIRAÇÃO | ||
| 650 | _aESTRESSE | ||
| 773 | 0 |
_tBrazilian Journal of Plant Physiology (Brazil) _xISSN 1677-0420 _g(May-Ago 2004), v. 16(2) p. 71-76 _wBR0807753 |
|
| 909 |
_a202311 _bLúcia _c55 _dLúcia Elande |
||
| 942 |
_2AGRIS _n0 _cANA |
||
| 999 |
_c199607 _d199607 |
||